000 00204nam a2200085Ia 4500
008 120527s9999 xx 000 0 und d
100 _aFISCHER, M. et al
245 _aHuman resource management'
942 _cBK
999 _c27113
_d27113